Countries The Smashing Pumpkins has Visited - Statistics

General Stats
  • This quiz has been taken 9 times
  • The average score is 43 of 45
Answer Stats
Continent Country % Correct
South America Argentina
100%
Oceania Australia
100%
Europe Austria
100%
Europe Belgium
100%
South America Brazil
100%
North America Canada
100%
South America Chile
100%
Asia China
100%
South America Colombia
100%
Europe Czech Republic
100%
Europe Denmark
100%
Europe France
100%
Europe Germany
100%
Europe Greece
100%
Asia Indonesia
100%
Europe Ireland
100%
Europe Italy
100%
Asia Japan
100%
North America Mexico
100%
Europe Norway
100%
South America Paraguay
100%
Asia Philippines
100%
Europe Poland
100%
Europe Portugal
100%
Asia/ Europe Russia
100%
Asia South Korea
100%
Europe Spain
100%
Europe Sweden
100%
Asia Thailand
100%
Asia/ Europe Turkey
100%
Europe United Kingdom
100%
North America United States of America
100%
South America Venezuela
100%
North America Costa Rica
88%
Europe Finland
88%
Asia Malaysia
88%
Europe Netherlands
88%
Oceania New Zealand
88%
South America Peru
88%
Europe Slovakia
88%
Europe Slovenia
88%
Africa South Africa
88%
Europe Switzerland
88%
Europe Luxembourg
75%
Asia Taiwan
75%
No matching quizzes found
Score Distribution
Percent of People with Each Score
Percentile by Number Answered
Your Score History
You have not taken this quiz